| 000 | 00621nam a22001817a 4500 | ||
|---|---|---|---|
| 999 |
_c5413 _d5413 |
||
| 003 | OSt | ||
| 005 | 20220413120306.0 | ||
| 008 | 220413b ||||| |||| 00| 0 eng d | ||
| 020 | _a1933107367 | ||
| 020 | _a 9781933107363 | ||
| 040 | _cALUPE UNIVERSITY | ||
| 050 |
_aRT55 _b.P43 2007 |
||
| 245 |
_aPharmacology for nursing care : _breview module edition 4.1 _cedited by Jeanne Wissmann, . |
||
| 300 |
_axiii, 504 p. ; _c22 cm. |
||
| 650 | _a Pharmacology. Nursing -- Outlines, syllabi, etc. Pharmacology -- Outlines, syllabi, etc | ||
| 700 | _aJeanne Wissmann; Assessment Technologies Institute. | ||
| 942 |
_2lcc _cBK _nBA |
||